| 000 | 01162nam a2200313 i 4500 | ||
|---|---|---|---|
| 001 | 3278794 | ||
| 003 | EG-ScBUE | ||
| 005 | 20230514101318.0 | ||
| 008 | 820908s1983 nyua f d 000 0 eng d | ||
| 020 | _a048624444X (pbk.) | ||
| 020 | _a9780486244440 | ||
| 040 |
_aDLC _beng _erda _cDLC _dDLC _dEG-ScBUE |
||
| 082 | 0 | 4 |
_a720.321 _222 _bILL |
| 130 | 0 | _aHistoric architecture sourcebook. | |
| 245 | 1 | 0 |
_aIllustrated dictionary of historic architecture / _cedited by Cyril M. Harris. |
| 264 | 1 |
_aNew York : _bDover Publications, Inc., _c1983. |
|
| 300 |
_aviii, 581 pages : _billustrations ; _c24 cm |
||
| 336 |
_2rdacontent _atext _btxt |
||
| 337 |
_2rdamedia _aunmediated _bn |
||
| 338 |
_2rdacarrier _avolume _bnc |
||
| 500 | _aReprint. Originally published: Historic architecture sourcebook. New York : McGraw-Hill, c1977. | ||
| 650 | 7 |
_aArchitecture _xDictionaries. _2BUEsh |
|
| 653 |
_bART _cMay2023 |
||
| 655 | _vReading book | ||
| 700 | 1 |
_aHarris, Cyril M., _d1917-2011, _eeditor. |
|
| 856 | 4 | 2 |
_3Publisher description _uhttp://www.loc.gov/catdir/description/dover031/82017776.html |
| 906 |
_a7 _bcbc _corignew _d1 _eocip _f19 _gy-gencatlg |
||
| 942 |
_2ddc _cBB |
||
| 999 |
_c30354 _d30325 |
||